000 00537nam a2200181Ia 4500
999 _c28969
_d28969
003 OSt
005 20201208110117.0
008 190216s9999||||xx |||||||||||||| ||und||
020 _a9788182644069
040 _coclc
082 _a894.8124
_bMUH/I
100 _aMuhammed, N P
_97033
245 0 _aIndian Muslimkalum Secularisavum /
_cN P Muhammed
260 _bMathrubhumi Printing &publishing,
_aKozhikode:
_c2007.
300 _a167p
650 _aLekhanam
942 _cBK
_2ddc
_h894.8124
_iMUH/I
_k894.8124
_mMUH/I